| 000 | 00517nam a2200193 i 4500 | ||
|---|---|---|---|
| 001 | 39974 | ||
| 003 | ES-MaACL | ||
| 005 | 20230906160119.0 | ||
| 007 | t| | ||
| 008 | 030304s1961 sp ||||1| spa d | ||
| 100 | 1 |
_aCarrouche, León. _935851 |
|
| 245 | 1 | 3 |
_aUn precursor _b: José María Timón-David / _cLeón Carrouche. |
| 260 |
_aBarcelona : _bFlors, _c1961. |
||
| 300 |
_a286 p. ; _c19 cm. |
||
| 490 | 1 | _aRemanso | |
| 830 | 0 |
_aRemanso _9181827 |
|
| 852 |
_aES-MaACL _jC-20161 _bR.48673 |
||
| 999 |
_c39974 _d39974 |
||